[Event "Morbihan-ch 0910"]
[Site "Morbihan"]
[Date "2010.04.25"]
[Round "7.10"]
[White "Aubrun, Lucas"]
[Black "Bonhomme, Christian"]
[Result "1/2-1/2"]
[WhiteElo "1740"]
[BlackElo "1607"]
[PlyCount "75"]
[EventDate "2009.10.10"]
[EventType "swiss"]
[EventRounds "7"]
[EventCountry "FRA"]
[SourceTitle "EXT 2014"]
[Source "ChessBase"]
[SourceDate "2013.11.20"]
[SourceVersion "1"]
[SourceVersionDate "2013.11.20"]
[SourceQuality "1"]

1. d4 Nf6 2. c4 g6 3. Nc3 d5 4. cxd5 Nxd5 5. e4 Nxc3 6. bxc3 Bg7 7. Bb2 0-0 8. Bc4 e6 9. Nf3 c5 10. 0-0 Qa5 11. Qb3 b6 12. Qb5 Qxb5 13. Bxb5 Ba6 14. Bxa6 Nxa6 15. Rab1 Rfd8 16. Rfd1 cxd4 17. cxd4 Rac8 18. Kf1 Rc2 19. e5 Nb4 20. a3 Nd5 21. Rdc1 Rdc8 22. Ne1 Rxc1 23. Rxc1 Rxc1 24. Bxc1 Kf8 25. Nc2 Ke8 26. Ke2 Kd7 27. Kd3 b5 28. Nb4 Nxb4+ 29. axb4 Kc6 30. Ke4 Bf8 31. Bd2 h5 32. h3 Be7 33. g3 Bf8 34. h4 Be7 35. f3 Bd8 36. Be1 Be7 37. g4 a6 38. g5 1/2-1/2

[Event "Morbihan-ch 0910"]
[Site "Morbihan"]
[Date "2010.02.06"]
[Round "4.16"]
[White "Bonhomme, Christian"]
[Black "Audren, Jean"]
[Result "1-0"]
[WhiteElo "1607"]
[BlackElo "1450"]
[PlyCount "81"]
[EventDate "2009.10.10"]
[EventType "swiss"]
[EventRounds "7"]
[EventCountry "FRA"]
[SourceTitle "EXT 2014"]
[Source "ChessBase"]
[SourceDate "2013.11.20"]
[SourceVersion "1"]
[SourceVersionDate "2013.11.20"]
[SourceQuality "1"]

1. d4 d5 2. Nf3 Bg4 3. Nbd2 e6 4. Ne5 Bh5 5. c3 Nf6 6. Qb3 Qc8 7. e3 a6 8. Bd3 c5 9. Bb1 c4 10. Qc2 Nbd7 11. Ndf3 Ne4 12. Nxd7 Qxd7 13. Ne5 Qc7 14. f3 f6 15. fxe4 fxe5 16. 0-0 Bd6 17. g3 Bg6 18. Qg2 0-0-0 19. exd5 Bxb1 20. Rxb1 Rhf8 21. Bd2 exd5 22. Qxd5 exd4 23. Qe6+ Kb8 24. exd4 Rfe8 25. Qg4 Re7 26. Bg5 Rde8 27. Bxe7 Qxe7 28. Qf3 Qg5 29. Rbe1 Rf8 30. Qe3 Rxf1+ 31. Kxf1 Qf5+ 32. Kg2 g5 33. Qe6 Qf8 34. Qe8+ Kc7 35. Qxf8 Bxf8 36. Rf1 Be7 37. Rf7 Kd6 38. Rxh7 Ke6 39. Rxe7+ Kxe7 40. Kf3 Ke6 41. h4 1-0

[Event "Morbihan-ch 0809"]
[Site "Morbihan"]
[Date "2009.01.24"]
[Round "4"]
[White "Tonal, Jean Jacques"]
[Black "Bonhomme, Christian"]
[Result "1/2-1/2"]
[WhiteElo "1579"]
[BlackElo "1600"]
[PlyCount "42"]
[EventDate "2008.10.??"]
[EventType "tourn"]
[EventRounds "7"]
[EventCountry "FRA"]
[SourceTitle "EXT 2010"]
[Source "ChessBase"]
[SourceDate "2010.11.25"]
[SourceVersion "1"]
[SourceVersionDate "2010.11.25"]
[SourceQuality "1"]

1. f4 d5 2. Nf3 Nf6 3. b3 g6 4. Bb2 Bg7 5. e3 Bg4 6. Be2 0-0 7. 0-0 c5 8. Ne5 Bxe2 9. Qxe2 Qc7 10. d4 Nbd7 11. c4 e6 12. Nd2 Rfe8 13. Ndf3 Ne4 14. Nxd7 Qxd7 15. Ne5 Qc7 16. Qe1 Rad8 17. Rc1 b6 18. Qh4 Bf6 19. Qe1 Bg7 20. Qh4 Bf6 21. Qe1 Bg7 1/2-1/2